000 00658 a2200193 4500
003 Nust
005 20230118125236.0
010 _a 94042687
020 _a0471044067 (acid-free paper)
040 _cNust
082 0 0 _a650.0285436,KOE
100 1 _aKoegler, Scott,
_9106981
245 1 0 _aMultisite systems integration /
_cScott Koegler.
260 _aNew York :
_bWiley,
_cc1995.
300 _axxii, 250 p. :
_bill., map ;
_c24 cm.
505 _aPart 1: Plateform Considerations (Page-1), Part 2: System Specifics (Page-111), Part 3: Organization and Management (Page-209).
650 0 _aLocal area networks (Computer networks)
942 _2ddc
_cBK
999 _c176419
_d176419